| 000 | 00780nam a2200217Ii 4500 | ||
|---|---|---|---|
| 003 | JO-AjNU | ||
| 008 | 230605s9999||||xx |||||||||||||| ||und|| | ||
| 017 | _a1997/5/553 | ||
| 040 |
_aJO-AjNU _bara _erda _cJO-AjNU |
||
| 041 | _aara | ||
| 050 | 1 | 4 | _aK3324.S58.1997 |
| 100 | 3 |
_a الشوابكة ، ابراهيم كامل , _eauthor _921458 |
|
| 245 | 0 | 0 | _aالحصانة البرلمانية " دراسة مقارنة بين الأردن وبريطانيا " |
| 250 | _aط2 | ||
| 264 | 3 | 1 | _aعمان : ابراهيم كامل الشوابكة ، 1997 |
| 300 | _a156ص | ||
| 336 |
_atext _btxt _2rdacontent |
||
| 337 |
_aunmediated _bn _2rdamedia |
||
| 338 |
_avolume _bnc _2rdacarrier |
||
| 650 | 4 |
_aالعلوم الاجتماعية -- السلطة التشريعة _921459 |
|
| 999 |
_aA7456 _c11024 _d11024 |
||